002952191 001__ 2952191
002952191 003__ SzGeCERN
002952191 005__ 20260112204529.0
002952191 0248_ $$aoai:cds.cern.ch:2952191$$pcerncds:FULLTEXT
002952191 037__ $$aCMS-DP-2026-003
002952191 041__ $$aeng
002952191 088__ $$aCERN-CMS-DP-2026-003
002952191 110__ $$aCMS Collaboration
002952191 245__ $$aMeasurement of the integrated luminosity with the CMS proton-proton dataset at $\sqrt{s} = 13.6$ TeV recorded in 2024
002952191 260__ $$c2026
002952191 269__ $$aGeneva$$bCERN$$c09 Jan 2026
002952191 300__ $$a31 p
002952191 520__ $$aA preliminary analysis of the offline luminosity in the 2024 proton-proton collision data at CMS has been performed using the HFET, PLT, PCC, BCM1F (VME), DT, and RAMSES luminometers. The luminometers, with the exception of DT and RAMSES, were calibrated using the vdM method, with data collected in LHC Fill 9639. The uncertainties for the total integrated luminosity arise due to sources in the calibration method and also due to possible nonlinearity and detector instabilities over the year. In the calibration part, the main uncertainty arises due to possible XY-factorization bias, while for the integration part the dominant source is linearity. The final value for the integrated luminosity delivered for this dataset is 124.0 1/fb with a preliminary uncertainty of 1.6\%.
002952191 595__ $$aCERN EDS
002952191 65017 $$2SzGeCERN$$aDetectors and Experimental Techniques
002952191 6531_ $$9CMS$$aPhysics Performance and Dataset
002952191 690C_ $$aINTNOTE
002952191 690C_ $$aCERN
002952191 690C_ $$aPUBLCMS
002952191 693__ $$aCERN LHC$$eCMS
002952191 710__ $$5PH
002952191 710__ $$gCMS Collaboration
002952191 8564_ $$82806420$$s5182516$$uhttps://cds.cern.ch/record/2952191/files/DP2026_003.pdf
002952191 916__ $$sn$$w20263
002952191 963__ $$aPUBLIC
002952191 980__ $$aCMS-DETECTOR-PERFORMANCE-SUMMARIES
002952191 980__ $$aNOTE